<?xml version="1.0" encoding="UTF-8"?>
<record
    xmlns:xsi="http://www.w3.org/2001/XMLSchema-instance"
    xsi:schemaLocation="http://www.loc.gov/MARC21/slim http://www.loc.gov/standards/marcxml/schema/MARC21slim.xsd"
    xmlns="http://www.loc.gov/MARC21/slim">

  <leader>00389nam a22001457a 4500</leader>
  <datafield tag="999" ind1=" " ind2=" ">
    <subfield code="c">17729</subfield>
    <subfield code="d">17729</subfield>
  </datafield>
  <controlfield tag="008">190612b        xxu||||| |||| 00| 0 eng d</controlfield>
  <datafield tag="020" ind1=" " ind2=" ">
    <subfield code="a">0192806918</subfield>
  </datafield>
  <datafield tag="050" ind1=" " ind2=" ">
    <subfield code="a">K231</subfield>
    <subfield code="b">.W33 2006 c.1</subfield>
  </datafield>
  <datafield tag="100" ind1=" " ind2=" ">
    <subfield code="a">Wacks, Raymond</subfield>
  </datafield>
  <datafield tag="245" ind1=" " ind2=" ">
    <subfield code="a">Philosophy of Law</subfield>
    <subfield code="b">A very short introduction</subfield>
    <subfield code="c">Raymond Wacks</subfield>
  </datafield>
  <datafield tag="260" ind1=" " ind2=" ">
    <subfield code="a">US</subfield>
    <subfield code="b">OUP</subfield>
    <subfield code="c">Newyork</subfield>
  </datafield>
  <datafield tag="300" ind1=" " ind2=" ">
    <subfield code="a">xvi, 127p.</subfield>
  </datafield>
  <datafield tag="650" ind1=" " ind2=" ">
    <subfield code="a">Philosophy</subfield>
  </datafield>
  <datafield tag="942" ind1=" " ind2=" ">
    <subfield code="2">lcc</subfield>
    <subfield code="c">BK</subfield>
  </datafield>
  <datafield tag="952" ind1=" " ind2=" ">
    <subfield code="0">0</subfield>
    <subfield code="1">0</subfield>
    <subfield code="2">lcc</subfield>
    <subfield code="7">0</subfield>
    <subfield code="a">KABU</subfield>
    <subfield code="b">KABU</subfield>
    <subfield code="d">2019-06-12</subfield>
    <subfield code="g">900.00</subfield>
    <subfield code="l">19</subfield>
    <subfield code="m">6</subfield>
    <subfield code="o">K231 .W33 2006 c.1</subfield>
    <subfield code="p">022568</subfield>
    <subfield code="q">2025-09-29</subfield>
    <subfield code="r">2025-09-12 10:39:05</subfield>
    <subfield code="s">2025-09-12</subfield>
    <subfield code="w">2019-06-12</subfield>
    <subfield code="y">BK</subfield>
  </datafield>
  <datafield tag="952" ind1=" " ind2=" ">
    <subfield code="0">0</subfield>
    <subfield code="1">0</subfield>
    <subfield code="2">lcc</subfield>
    <subfield code="7">0</subfield>
    <subfield code="a">KABU</subfield>
    <subfield code="b">KABU</subfield>
    <subfield code="d">2019-06-12</subfield>
    <subfield code="g">900.00</subfield>
    <subfield code="l">28</subfield>
    <subfield code="m">1</subfield>
    <subfield code="o">K231 .W33 2006 c.2</subfield>
    <subfield code="p">022343</subfield>
    <subfield code="r">2025-03-13 11:47:09</subfield>
    <subfield code="s">2025-02-17</subfield>
    <subfield code="w">2019-06-12</subfield>
    <subfield code="y">BK</subfield>
  </datafield>
  <datafield tag="952" ind1=" " ind2=" ">
    <subfield code="0">0</subfield>
    <subfield code="1">0</subfield>
    <subfield code="2">lcc</subfield>
    <subfield code="7">0</subfield>
    <subfield code="a">KABU</subfield>
    <subfield code="b">KABU</subfield>
    <subfield code="d">2019-06-12</subfield>
    <subfield code="g">900.00</subfield>
    <subfield code="l">15</subfield>
    <subfield code="m">2</subfield>
    <subfield code="o">K231 .W33 2006 c.4</subfield>
    <subfield code="p">022342</subfield>
    <subfield code="r">2026-03-05 11:33:06</subfield>
    <subfield code="s">2026-02-26</subfield>
    <subfield code="w">2019-06-12</subfield>
    <subfield code="y">BK</subfield>
  </datafield>
  <datafield tag="952" ind1=" " ind2=" ">
    <subfield code="0">0</subfield>
    <subfield code="1">0</subfield>
    <subfield code="2">lcc</subfield>
    <subfield code="7">0</subfield>
    <subfield code="a">KABU</subfield>
    <subfield code="b">KABU</subfield>
    <subfield code="d">2019-06-12</subfield>
    <subfield code="g">900.00</subfield>
    <subfield code="l">25</subfield>
    <subfield code="m">1</subfield>
    <subfield code="o">K231 .W33 2006 c.3</subfield>
    <subfield code="p">022571</subfield>
    <subfield code="r">2025-03-14 19:07:12</subfield>
    <subfield code="s">2025-02-26</subfield>
    <subfield code="w">2019-06-12</subfield>
    <subfield code="y">BK</subfield>
  </datafield>
  <datafield tag="952" ind1=" " ind2=" ">
    <subfield code="0">0</subfield>
    <subfield code="1">0</subfield>
    <subfield code="2">lcc</subfield>
    <subfield code="7">0</subfield>
    <subfield code="a">KABU</subfield>
    <subfield code="b">KABU</subfield>
    <subfield code="d">2019-06-12</subfield>
    <subfield code="g">900.00</subfield>
    <subfield code="l">15</subfield>
    <subfield code="m">3</subfield>
    <subfield code="o">K231 .W33 2006 c.5</subfield>
    <subfield code="p">022275</subfield>
    <subfield code="r">2026-01-23 15:23:34</subfield>
    <subfield code="s">2026-01-22</subfield>
    <subfield code="w">2019-06-12</subfield>
    <subfield code="y">BK</subfield>
  </datafield>
</record>
